ARRUPE JESUIT UNIVERSITY

CORONAVIRUS -STOP THE SPREAD - CLEAN,DISINFECT,COVER

A short textbook of preventive medicine for the tropics (Record no. 129829)

MARC details
000 -LEADER
fixed length control field 01051cam a2200325 4500
001 - CONTROL NUMBER
control field 1258597
003 - CONTROL NUMBER IDENTIFIER
control field ARRUPE
005 - DATE AND TIME OF LATEST TRANSACTION
control field 20190912111526.0
008 - FIXED-LENGTH DATA ELEMENTS--GENERAL INFORMATION
fixed length control field 731019s1973 enkab b 001 0 eng
010 ## - LIBRARY OF CONGRESS CONTROL NUMBER
LC control number 73595644
015 ## - NATIONAL BIBLIOGRAPHY NUMBER
National bibliography number GB73-16026
020 ## - INTERNATIONAL STANDARD BOOK NUMBER
International Standard Book Number 034005347X
020 ## - INTERNATIONAL STANDARD BOOK NUMBER
International Standard Book Number 0340053488 (pbk.)
040 ## - CATALOGING SOURCE
Original cataloging agency DLC
Transcribing agency DLC
Modifying agency DLC
050 10 - LIBRARY OF CONGRESS CALL NUMBER
Classification number RC961
Item number .L93
060 ## - NATIONAL LIBRARY OF MEDICINE CALL NUMBER
Classification number WC680 L933 s 1973
082 00 - DEWEY DECIMAL CLASSIFICATION NUMBER
Classification number 614.4/0913
300 ## - PHYSICAL DESCRIPTION
Other physical details illus., map.
Dimensions 22 cm.
100 1# - MAIN ENTRY--PERSONAL NAME
Personal name Lucas, Adetokunbo O.
9 (RLIN) 48118
245 12 - TITLE STATEMENT
Title A short textbook of preventive medicine for the tropics
Statement of responsibility, etc [by] Adetokunbo O. Lucas, Herbert M. Gilles.
260 ## - PUBLICATION, DISTRIBUTION, ETC. (IMPRINT)
Place of publication, distribution, etc London,
Name of publisher, distributor, etc Hodder and Stoughton,
Date of publication, distribution, etc 1973.
300 ## - PHYSICAL DESCRIPTION
Extent vii, 326 p.
350 ## - PRICE (NR) (BK AM CF MU VM SE) [OBSOLETE]
Price £3.25
490 0# - SERIES STATEMENT
Series statement University medical texts
504 ## - BIBLIOGRAPHY, ETC. NOTE
Bibliography, etc Includes bibliographies and index.
650 #0 - SUBJECT ADDED ENTRY--TOPICAL TERM
Topical term or geographic name as entry element Tropical medicine.
9 (RLIN) 9195
650 #0 - SUBJECT ADDED ENTRY--TOPICAL TERM
Topical term or geographic name as entry element Tropics
General subdivision Diseases and hygiene
9 (RLIN) 48119
700 1# - ADDED ENTRY--PERSONAL NAME
Personal name Gilles, H. M.
Fuller form of name (Herbert Michael),
Dates associated with a name 1921-
Relator term joint author.
9 (RLIN) 48120
906 ## - LOCAL DATA ELEMENT F, LDF (RLIN)
a 7
b cbc
c orignew
d 3
e ncip
f 19
g y-gencatlg
942 ## - ADDED ENTRY ELEMENTS (KOHA)
Source of classification or shelving scheme Library of Congress Classification
Koha item type Monograph ( Printed materials)
Holdings
Withdrawn status Lost status Source of classification or shelving scheme Damaged status Not for loan Collection code Home library Current library Shelving location Date acquired Total Checkouts Full call number Barcode Date last seen Price effective from Koha item type
    Library of Congress Classification     Main Collection ARRUPE LIBRARY ARRUPE LIBRARY Main Collection 12/09/2019   RC961 .L93 46600005493 12/09/2019 12/09/2019 Monograph ( Printed materials)

 

Arrupe Library. PO Box MP320 Mt Pleasant, Harare, Zimbabwe
263 242 745411|librarian@aju.ac.zw